El pensamiento y la palabra (Record no. 146356)

MARC details
000 -LEADER
campo de control de longitud fija 00552nam a2200169 i 4500
001 - NÚMERO DE CONTROL
campo de control 146356
003 - IDENTIFICADOR DE NÚMERO DE CONTROL
campo de control ES-MaACL
005 - FECHA Y HORA DE LA ÚLTIMA TRANSACCIÓN
campo de control 20230906201514.0
007 - CAMPO FIJO DE DESCRIPCIÓN FÍSICA--INFORMACIÓN GENERAL
campo de control de longitud fija t|
008 - DATOS DE LONGITUD FIJA--INFORMACIÓN GENERAL
campo de control de longitud fija 070907s1972 sp ||||1| spa d
080 ## - NÚMERO DE LA CLASIFICACIÓN DECIMAL UNIVERSAL
Número de la Clasificación Decimal Universal 1 Raimundo Lulio. Beato
100 1# - ENTRADA PRINCIPAL--NOMBRE DE PERSONA
Nombre de persona Trias, Sebastià.
9 (RLIN) 111380
245 13 - MENCIÓN DEL TÍTULO
Título El pensamiento y la palabra
Resto del título : (aspectos olvidados de la filosofía de R. Llull) /
Mención de responsabilidad, etc. Sebastián Trías Mercant.
260 ## - PUBLICACIÓN, DISTRIBUCIÓN, ETC.
Lugar de publicación, distribución, etc. Palma de Mallorca :
Nombre del editor, distribuidor, etc. [s.n.],
Fecha de publicación, distribución, etc. 1972 (
Fabricante Imp. Fullana)
300 ## - DESCRIPCIÓN FÍSICA
Extensión 90 p. ;
Dimensiones 21 cm.
852 ## - LOCALIZACIÓN
Ubicación ES-MaACL
Número de control de estantería C-47970
Sublocalización o colección R.83157
Holdings
Estatus retirado Estado de pérdida Estado de daño No para préstamo Biblioteca de origen Biblioteca actual Ubicación en estantería Fecha de adquisición Fuente de adquisición Total de préstamos Signatura topográfica completa Código de barras Visto por última vez Precio de reemplazo Tipo de ítem Koha
        Biblioteca del Ateneo de Madrid Biblioteca del Ateneo de Madrid Depósito 2 17/01/2008     C-47970 1152758 23/02/2023 23/02/2023 Libro impreso